Supply chain management for global competitiveness / (Record no. 658317)
[ view plain ]
| 000 -LEADER | |
|---|---|
| fixed length control field | 00895nam a2200301 a 4500 |
| 001 - CONTROL NUMBER | |
| control field | vtls000810862 |
| 003 - CONTROL NUMBER IDENTIFIER | |
| control field | NLI |
| 005 - DATE AND TIME OF LATEST TRANSACTION | |
| control field | 20210627054106.0 |
| 008 - FIXED-LENGTH DATA ELEMENTS--GENERAL INFORMATION | |
| fixed length control field | 110331s1999 ii 001 0 eng |
| 020 ## - INTERNATIONAL STANDARD BOOK NUMBER | |
| International Standard Book Number | 140392287X : |
| Terms of availability | Rs. 950.00 |
| 039 #9 - LEVEL OF BIBLIOGRAPHIC CONTROL AND CODING DETAIL [OBSOLETE] | |
| -- | 201103311651 |
| -- | Vargis_01 |
| 040 ## - CATALOGING SOURCE | |
| Original cataloging agency | NLI |
| Language of cataloging | eng |
| Transcribing agency | Vergis_S |
| Description conventions | AACR2 |
| 041 0# - LANGUAGE CODE | |
| Language code of text/sound track or separate title | eng |
| 044 ## - COUNTRY OF PUBLISHING/PRODUCING ENTITY CODE | |
| MARC country code | ii |
| 082 04 - DEWEY DECIMAL CLASSIFICATION NUMBER | |
| Classification number | 658.5 |
| 245 00 - TITLE STATEMENT | |
| Title | Supply chain management for global competitiveness / |
| Statement of responsibility, etc. | ed. by B. S. Sahay |
| 260 ## - PUBLICATION, DISTRIBUTION, ETC. | |
| Place of publication, distribution, etc. | New Delhi : |
| Name of publisher, distributor, etc. | Macmillan, |
| Date of publication, distribution, etc. | c1999 |
| 300 ## - PHYSICAL DESCRIPTION | |
| Extent | xvi, 736 p. ; |
| Dimensions | 25 cm. |
| 500 ## - GENERAL NOTE | |
| General note | Includes index |
| 650 #0 - SUBJECT ADDED ENTRY--TOPICAL TERM | |
| Topical term or geographic name entry element | Business logistics |
| 9 (RLIN) | 768144 |
| 650 #0 - SUBJECT ADDED ENTRY--TOPICAL TERM | |
| Topical term or geographic name entry element | Industrial management |
| 9 (RLIN) | 679042 |
| 700 1# - ADDED ENTRY--PERSONAL NAME | |
| Personal name | Sahay, B. S., |
| Relationship | edt |
| 9 (RLIN) | 780734 |
| 887 ## - NON-MARC INFORMATION FIELD | |
| Content of non-MARC field | |
| 901 ## - LOCAL DATA ELEMENT A, LDA (RLIN) | |
| a | DB93840 ; |
| b | 4.8.2004 |
| 902 ## - LOCAL DATA ELEMENT B, LDB (RLIN) | |
| a | E/O 658.5 Su 76 s |
| 949 ## - LOCAL PROCESSING INFORMATION (OCLC) | |
| -- | VIRTUAITEM |
| -- | 10000 |
| -- | 100 |
| 6 | DBA000093840ENG |
| 942 ## - ADDED ENTRY ELEMENTS (KOHA) | |
| Source of classification or shelving scheme | Dewey Decimal Classification |
| Koha item type | Books |
| Withdrawn status | Lost status | Damaged status | Not for loan | Collection code | Home library | Current library | Shelving location | Date acquired | Total Checkouts | Full call number | Barcode | Date last seen | Price effective from | Koha item type |
|---|---|---|---|---|---|---|---|---|---|---|---|---|---|---|
| New English Oversized | National Library of India | National Library of India | New English Oversized - Main Stack Division | E/O 658.5 Su 76 s | DBA000093840ENG | 27/06/2021 | 27/06/2021 | Books |
